[Event "Quebec-ch qual"]
[Site "Montreal"]
[Date "2019.02.02"]
[Round "2.5"]
[White "Brunelle, Raymond"]
[Black "Zhong, Kevin"]
[Result "0-1"]
[WhiteElo "1140"]
[BlackElo "2171"]
[PlyCount "58"]
[EventDate "2019.02.02"]
[EventType "swiss"]
[EventRounds "4"]
[EventCountry "CAN"]
[SourceTitle "EXT 2022"]
[Source "ChessBase"]
[SourceDate "2021.10.06"]
[SourceVersion "1"]
[SourceVersionDate "2021.10.06"]
[SourceQuality "1"]

1. e4 c5 2. Nc3 Nc6 3. g3 g6 4. Bg2 Bg7 5. d3 d6 6. Be3 e5 7. Nge2 Nge7 8. Qd2 0-0 9. 0-0 Rb8 10. Bg5 Be6 11. Nd5 f6 12. Nxe7+ Qxe7 13. Bh6 Rbd8 14. Nc3 Nd4 15. Bxg7 Qxg7 16. a4 f5 17. exf5 Rxf5 18. Nd5 Nf3+ 19. Bxf3 Rxf3 20. Ne3 Rdf8 21. b4 cxb4 22. Qxb4 Qf7 23. Qd2 Bh3 24. Ng2 Qd5 25. Qh6 Bxg2 26. Qd2 Bxf1 27. Rxf1 e4 28. Qe2 e3 29. c4 exf2+ 0-1

[Event "Transcontinental Printanier ABCDEF"]
[Site "Montreal"]
[Date "2017.03.31"]
[Round "1"]
[White "Yan, Alex Jikai"]
[Black "Brunelle, Raymond"]
[Result "0-1"]
[WhiteElo "1104"]
[BlackElo "1078"]
[PlyCount "128"]
[EventDate "2017.03.31"]
[EventType "swiss"]
[EventRounds "5"]
[EventCountry "CAN"]
[SourceTitle "EXT 2022"]
[Source "ChessBase"]
[SourceDate "2021.10.06"]
[SourceVersion "1"]
[SourceVersionDate "2021.10.06"]
[SourceQuality "1"]

1. d4 d5 2. c4 e6 3. Nc3 Nf6 4. Bf4 Be7 5. Nf3 Nc6 6. cxd5 exd5 7. a3 0-0 8. Nb5 Bd6 9. Nxd6 cxd6 10. e3 a6 11. Bd3 Re8 12. 0-0 h6 13. h3 Ne4 14. Nd2 Bf5 15. Nb1 Ne7 16. f3 Nf6 17. Re1 Qd7 18. e4 Ng6 19. exf5 Nxf4 20. Nc3 Rxe1+ 21. Qxe1 Nxd3 22. Qd2 Ne5 23. dxe5 dxe5 24. Rd1 d4 25. Ne4 Qxf5 26. Nd6 Qd7 27. Qb4 Rb8 28. Nc4 Qd5 29. Nb6 Qc6 30. Nc4 Nd7 31. f4 f6 32. Qd6 Rc8 33. Qxc6 Rxc6 34. Na5 Rc7 35. Rd2 b6 36. Nb3 Nc5 37. Rc2 Kf7 38. f5 Ke7 39. Nd2 Kd6 40. Kf1 Rc6 41. b4 Na4 42. Ne4+ Kd5 43. Rxc6 Kxc6 44. Ke2 Kd5 45. Kf3 Nc3 46. Nxc3+ dxc3 47. Ke2 Kd4 48. g3 e4 49. a4 a5 50. bxa5 bxa5 51. g4 Kc4 52. Ke3 c2 53. Kd2 Kb3 54. Kc1 e3 55. g5 hxg5 56. h4 e2 57. Kd2 gxh4 58. Kxe2 c1Q 59. Kf2 Qf4+ 60. Ke2 Qg3 61. Kd2 h3 62. Ke2 h2 63. Kd2 h1Q 64. Ke2 Qhh2+ 0-1

[Event "Montreal Transcontinental ABCDEFG"]
[Site "Montreal"]
[Date "2016.12.11"]
[Round "5"]
[White "Brunelle, Raymond"]
[Black "Guertin, Roger"]
[Result "1-0"]
[WhiteElo "1119"]
[BlackElo "1048"]
[PlyCount "97"]
[EventDate "2016.12.09"]
[EventType "swiss"]
[EventRounds "5"]
[EventCountry "CAN"]
[SourceTitle "EXT 2022"]
[Source "ChessBase"]
[SourceDate "2021.10.06"]
[SourceVersion "1"]
[SourceVersionDate "2021.10.06"]
[SourceQuality "1"]

1. e4 e5 2. Nf3 Nc6 3. Bb5 d6 4. 0-0 Nf6 5. Re1 Bg4 6. h3 Bh5 7. c3 Be7 8. d4 0-0 9. Qd3 Bxf3 10. Qxf3 a6 11. Ba4 Na5 12. dxe5 dxe5 13. Qf5 Nc4 14. Bc2 Nd6 15. Qf3 Nd7 16. b3 c5 17. c4 b5 18. Nd2 b4 19. a3 a5 20. Bb2 Nc8 21. Qe2 Qb6 22. a4 Na7 23. Nf3 Nc6 24. Rad1 Nd4 25. Qd3 Bf6 26. Bb1 Nxf3+ 27. Qxf3 Rad8 28. Rd3 Nb8 29. Red1 Rxd3 30. Rxd3 Rd8 31. Rd5 Nc6 32. Qd3 Rxd5 33. cxd5 Nd4 34. Bxd4 cxd4 35. Qb5 Qd8 36. Qc6 Be7 37. g3 Qf8 38. f4 f6 39. Bd3 exf4 40. gxf4 Kh8 41. Bb5 Qf7 42. d6 Qg6+ 43. Kf2 Bd8 44. Qc8 h6 45. Qxd8+ Kh7 46. Bd7 Qxe4 47. Kg3 Qe3+ 48. Kg4 Qe2+ 49. Kf5 1-0

[Event "Montreal Transcontinental ABCDEFG"]
[Site "Montreal"]
[Date "2016.12.10"]
[Round "3"]
[White "Guertin, Roger"]
[Black "Brunelle, Raymond"]
[Result "0-1"]
[WhiteElo "1048"]
[BlackElo "1119"]
[PlyCount "114"]
[EventDate "2016.12.09"]
[EventType "swiss"]
[EventRounds "5"]
[EventCountry "CAN"]
[SourceTitle "EXT 2022"]
[Source "ChessBase"]
[SourceDate "2021.10.06"]
[SourceVersion "1"]
[SourceVersionDate "2021.10.06"]
[SourceQuality "1"]

1. e4 c5 2. Bd3 g6 3. c3 Bg7 4. Bc2 Nc6 5. Nf3 d6 6. h3 e6 7. 0-0 d5 8. exd5 Qxd5 9. Bb3 c4 10. Bc2 Nge7 11. d3 0-0 12. d4 b5 13. b3 a5 14. bxc4 bxc4 15. Ba3 Rd8 16. Bxe7 Nxe7 17. Re1 Nf5 18. Be4 Qb5 19. Bxa8 Qb2 20. Nbd2 Qxc3 21. Rc1 Qa3 22. Nxc4 Qxa2 23. Nb6 Ba6 24. d5 Qb2 25. Na4 Qb8 26. Bc6 Ne7 27. Rb1 Qc7 28. Qb3 exd5 29. Qb8 Rxb8 30. Rxb8+ Qxb8 31. Rxe7 Bf8 32. Re8 Qd6 33. Nd4 Qb4 34. Nf3 d4 35. Ne5 d3 36. Rd8 Qe1+ 37. Kh2 Qxe5+ 38. g3 Kg7 39. Nb6 Bb5 40. Rxf8 Kxf8 41. Nd7+ Kg7 42. Nxe5 Bxc6 43. Nxd3 a4 44. Nb4 Bb5 45. Kg2 a3 46. Kf3 Bc4 47. Ke3 a2 48. Nc2 Bb3 49. Na1 Be6 50. h4 h5 51. f4 f6 52. Kd4 Kf7 53. Kc5 Ke7 54. Kc6 Bd7+ 55. Kd5 Bc8 56. Kc5 Ke6 57. Kc6 Kf5 0-1